[Event "Titled Tuesday intern op 16th Apr Late"]
[Site "Chess.com INT"]
[Date "2024.04.16"]
[Round "2"]
[White "Guerrero Olmos, Sergio"]
[Black "Lazavik, Denis"]
[Result "0-1"]
[WhiteElo "2374"]
[BlackElo "2572"]
[PlyCount "94"]
[EventDate "2024.04.16"]
[EventType "swiss (blitz)"]
[EventRounds "11"]
[EventCountry "USA"]
[SourceTitle "CB17_2024"]
[SourceDate "2024.04.24"]
[SourceVersion "1"]
[SourceVersionDate "2024.04.24"]
[SourceQuality "1"]

1. d4 f5 2. Nf3 Nf6 3. Bf4 g6 4. e3 Bg7 5. Be2 0-0 6. 0-0 d6 7. h3 Nc6 8. c4 Ne4 9. Nc3 e5 10. Bh2 Nxc3 11. bxc3 Qe7 12. Rb1 Kh8 13. Qa4 Bd7 14. Qa3 e4 15. Nd2 b6 16. c5 bxc5 17. dxc5 Be5 18. cxd6 Bxh2+ 19. Kxh2 cxd6 20. Nc4 d5 21. Qxe7 Nxe7 22. Rb7 dxc4 23. Rxd7 Nc6 24. Bxc4 Ne5 25. Rd4 Rac8 26. Bb3 Rxc3 27. Ra4 Rc7 28. f3 exf3 29. gxf3 Rd8 30. e4 f4 31. Rf2 Rd3 32. Kg2 Kg7 33. Bd5 Kh6 34. h4 Rcc3 35. Rxa7 Nxf3 36. Bg8 Nxh4+ 37. Kf1 f3 38. Rh2 Rc1+ 39. Kf2 Rd2+ 40. Kg3 Rxh2 41. Kxh2 f2 42. Rxh7+ Kg5 43. Rf7 f1Q 44. Rxf1 Rxf1 45. Kg3 Rf3+ 46. Kh2 Re3 47. Bd5 Kg4 0-1

[Event "Titled Tuesday intern op 13th Feb Early"]
[Site "Chess.com INT"]
[Date "2024.02.13"]
[Round "1"]
[White "Lazavik, Denis"]
[Black "Yang, Kevin S"]
[Result "1/2-1/2"]
[WhiteElo "2567"]
[BlackElo "2096"]
[PlyCount "113"]
[EventDate "2024.02.13"]
[EventType "swiss (blitz)"]
[EventRounds "11"]
[EventCountry "USA"]
[SourceTitle "CB08_2024"]
[SourceDate "2024.02.21"]
[SourceVersion "1"]
[SourceVersionDate "2024.02.21"]
[SourceQuality "1"]

1. d4 Nf6 2. c4 e6 3. Nf3 c5 4. d5 b5 5. dxe6 fxe6 6. cxb5 a6 7. e4 Nxe4 8. Bd3 Nf6 9. 0-0 Be7 10. Bg5 0-0 11. Qc2 h6 12. Bxf6 Bxf6 13. Nbd2 Qb6 14. Ne4 axb5 15. Nxc5 Nc6 16. a3 Nd4 17. Nxd4 Bxd4 18. Nb3 Bf6 19. Qe2 Bb7 20. Rac1 Bc6 21. Nc5 Bd4 22. Nb3 Bf6 23. Rc2 b4 24. Nc5 bxa3 25. bxa3 Rxa3 26. Be4 Bd4 27. Bxc6 Qxc6 28. Nb3 Qd5 29. Nxd4 Qxd4 30. Rd2 Qa7 31. Rfd1 Rf7 32. h4 Ra4 33. g3 Ra5 34. Qe4 Raf5 35. Qe1 h5 36. Kg2 d5 37. Re2 Qb7 38. Rb1 Qc6 39. Rc1 Qb7 40. Rb1 Qc6 41. Kg1 d4 42. Rxe6 Qf3 43. Rb2 Kh7 44. Qe4 Qd1+ 45. Kg2 d3 46. Re5 Qg4 47. Qxg4 hxg4 48. Re4 Rd5 49. Rd2 Rc7 50. Re3 Rc3 51. Kf1 Kg6 52. Kg1 Kf5 53. Kg2 Rd4 54. Kg1 Rd5 55. Kg2 Rb3 56. Kf1 Rc3 57. Kg2 1/2-1/2